000 00441nam a2200121Ia 4500
008 220216s9999 xx 000 0 und d
100 _aKarthikeyan K.V.
245 0 _aEffect of planting density on the growth of rubber in the Vellanikkara estate
260 _bDissertation, PG Diploma in Natural Rubber Production, Kerala Agricultural University, Trichur, India, 26 p.
_c1993
650 _aGrowth
650 _aPlanting density
942 _cBS
999 _c52582
_d52582